Statistiques concernant POP Plante chapitre 1 et 2

Cliquez ici pour prendre le quiz!

Statistiques générales

  • Ce quiz a été pris 5 fois
  • Le résultat moyen est 2 sur 13

Statistiques - réponses

HintRéponse% Correct
Quelles sont les caractéristiques des stomates ?-De 50 à 500 par mm2
-2% de la surface totale (ostioles ouverts)
-Feuilles hypostomatiques (inf), épistomatiques (sup), amphistomatiques (inf et sup)
-cellules annexes ou subsidiaires
33%
Quels sont les principaux tissus foliaires ?-Des cellules épidermiques supérieures et inférieures non chlorophylliennes et recouvertes de cuticule

-Du parenchyme palissadique et spongieux chlorophyllien

-Du collenchyme et sclérenchyme de soutien

-Des tissus conducteurs organisés en vaisseaux

-Des cellules périphériques spécialisées : stomates, trichomes, glandes,….
33%
Quel est le rôle de l'acide abscissique (ABA) ?Il contrôle la fermeture des stomates et inhibe leur ouverture
33%
Qu'est ce qui est responsable de l'ouverture des stomates ?La lumière bleue, qui cause une cascade de signalisation et de régulation cellulaire
les phototropines et l’H+-ATPase jouent aussi un rôle
33%
Comment est gérée la fermeture et ouverture des stomates ?Par gonflement et dégonflement des cellules de garde délimitant l'ostiole.
33%
Comment est contrôlée l'alimentation en eau, carbone et ions de la plantePar le fonctionnement stomatique et la transpiration.

Des structures stomatiques qui permettent simultanément de faire sortir de la vapeur d'eau, de l'oxygène, et de faire entrer du CO2 dans les tissus photosynthétiques.
33%
Quelles sont les caractéristiques des cellules de gardes ?-réniformes
-Paroi extérieure, opposée à l'ostiole, mince et paroi interne à épaississement cellulosique
-Réseau de microfibrilles de cellulose à orientation radiale
33%
Qu'est ce qui contrôle l'ouverture et la fermeture des stomates ?Des cascades de signalisation et de régulation cellulaires sophistiquées, dépendantes de la lumière
0%
Qu'est ce qui est utilisé comme espaces de stockage et de turgescence ?Des larges vacuoles
0%
Qu'est ce qui sert comme squelette aux plantes ?Des parois pecto-cellulosiques
0%
Qu'est ce qui contribuent à la photorespiration ?Des peroxysomes
0%
Qu'est ce qui facilitent les échanges intercellulaires ?Des plasmodesmes
0%
Quelles structures de la plante sont différemment différenciés suivant les type cellulaires ?Les plastes
0%

Distribution des résultats

Percentile par nombre de réponses

% des personnes avec chaque résultat

Votre développement - résultats

Vous n’avez pas pris ce quiz